Anuario del gobierno local /
ISBN:
84-7248-259-6
Publicado:
Barcelona :
Diputació de Barcelona : Fundación Democracia y Gobierno Local ; Madrid : Marcial Pons ,
1995
Descripción Física:
Volums ; 24 cm
MARC
| LEADER | 00000nam a2200000Ia 4500 | ||
|---|---|---|---|
| 001 | 13240, 17496, 13241, 12605, 15797, 17497, 15798, 20031, 20032, 22983, 25254, 25255, 25256, 25257, 26288, 26289, 26290 | ||
| 003 | Arxiu | ||
| 008 | 160829s1995- xx 000 0 cat d | ||
| 017 | |a DL B-14902-2005 | ||
| 017 | |a DL B-28509-2008 | ||
| 017 | |a DL B-25760-2009 | ||
| 020 | |a 84-7248-259-6 (1995), 84-7248-341-x (1996), 84-7248-481-5 (1997), 84-7248-659-1 (1998), 84-7248-822-5 (1999-2000), 84-7248-933-7 (2001), 84-607-7513-5 (2002), 84-609-1596-4 (2003), 84-611-1455-8 (2005), 978-84-611-7006-7 (2006) | ||
| 020 | |a 8460958957 (2004) | ||
| 020 | |a 9788461249602 (2007) | ||
| 022 | |a 2013-4924 | ||
| 080 | |a M-3-422, M-5-192, M-3-423, M-1-273, M-4-323, M-5-193, M-4-324, M-6-14, M-6-15, M-6-381 | ||
| 080 | |a Bib-817 | ||
| 080 | |a Bib-818 | ||
| 080 | |a Bib-819 | ||
| 080 | |a Bib-833 | ||
| 080 | |a Bib-834 | ||
| 080 | |a Bib-835 | ||
| 080 | |a Bib-837 | ||
| 080 | |a Bib-838 | ||
| 245 | |a Anuario del gobierno local / |b |c dirección: Tomás Font i Llovet | ||
| 260 | |a Barcelona : |b Diputació de Barcelona : |b Fundación Democracia y Gobierno Local ; Madrid : |b Marcial Pons, |c 1995- | ||
| 300 | |a Volums ; |c 24 cm | ||
| 310 | |a Anual | ||
| 362 | |a 1995- | ||
| 590 | |a A la part superior de la portada : Instituto de Derecho Público. | ||
| 590 | |a Conté: 2001: Configuración jurídica de la autonomía local, municipio y transformaciones sociales, urbanismo e inmigración; 2002: Los nuevos retos del urbanismo, especial elecciones locales; 2003: La ley de modernización del gobierno local, cooperación intermunicipal; 2004: El gobierno local en la reforma del estado de las autonomías; 2005: El gobierno local y los nuevos estatutos de autonomía; 2006: La reforma de los estatutos y la legislación local; 2009: La directiva de servicios, contratación local y crisis económica, nuevos desarrollos estatutarios; 2010: Tribunal Constitucional, desarrollos estatutarios y Gobiernos locales; 2012: Racionalización y sostenibilidad de la Administración loca: ¿es esta la reforma?; 2014: Los retos del gobierno local: repolitización, transparencia y reformas; 2015: Nuevas exigencias locales: servicios públicos, economía colaborativa, la província. La LRSAL tras las sentencias del Tribunal Constitucional; 2018: Contratación pública y administración local | ||
| 590 | |a A partir de 2009, també n'és director: Alfredo Galán Galán | ||
| 650 | |a Administració local |x Espanya |x Anuaris |9 39867 | ||
| 700 | |a Font i Llovet, Tomàs, |d 1956- |e director editorial |9 42221 | ||
| 700 | 1 | |a Galán Galán, Alfredo |e director editorial |9 15981 | |
| 710 | 2 | |a Fundació Democràcia i Govern Local |9 52936 | |
| 710 | 2 | |a Observatori de Dret Públic IDP Barcelona |9 53944 | |
| 866 | |a 1995, 1996, 1997, 1998 (4a ed.), 1999 - 2000, 2001, 2002, 2003, 2004, 2005, 2006, 2007, 2008, 2009, 2010, 2011, 2012, 2013, 2014, 2015, 2017, 2018 | ||
| 901 | |a Arxiu | ||
| 942 | |n 1 |2 udc | ||
| 952 | |0 0 |1 0 |4 0 |6 M3422_M5192_M3423_M1273_M4323_M5193_M4324_M614_M615_M6381 |7 1 |9 49284 |a Arxiu |b Arxiu |d 2016-12-01 |l 0 |o M-3-422, M-5-192, M-3-423, M-1-273, M-4-323, M-5-193, M-4-324, M-6-14, M-6-15, M-6-381 |p 13240, 17496, 13241, |r 2016-12-01 00:00:00 |w 2016-12-01 |y ARXIU | ||
| 952 | |0 0 |1 0 |4 0 |6 BIB513 |7 1 |9 61304 |a Arxiu |b Arxiu |d 2022-04-12 |o Bib-513 |p 25254 |r 2022-04-12 00:00:00 |w 2022-04-12 |y ARXIU |z Any 2005 | ||
| 952 | |0 0 |1 0 |4 0 |6 BIB514 |7 1 |9 61305 |a Arxiu |b Arxiu |d 2022-04-12 |o Bib-514 |p 25255 |r 2022-04-12 00:00:00 |w 2022-04-12 |y ARXIU |z Any 2012 | ||
| 952 | |0 0 |1 0 |4 0 |6 BIB515 |7 1 |9 61307 |a Arxiu |b Arxiu |d 2022-04-12 |l 0 |o Bib-515 |p 25256 |r 2022-04-12 00:00:00 |w 2022-04-12 |y ARXIU |z Any 2014 | ||
| 952 | |0 0 |1 0 |4 0 |6 BIB516 |7 1 |9 61308 |a Arxiu |b Arxiu |d 2022-04-12 |l 0 |o Bib-516 |p 25257 |r 2022-04-12 00:00:00 |w 2022-04-12 |y ARXIU |z Any 2018 | ||
| 952 | |0 0 |1 0 |4 0 |6 BIB816 |7 1 |9 62824 |a Arxiu |b Arxiu |d 2022-07-20 |o Bib-816 |p 26288 |r 2022-07-20 00:00:00 |w 2022-07-20 |y ARXIU |z Any 2004 | ||
| 952 | |0 0 |1 0 |4 0 |6 BIB817 |7 1 |9 62825 |a Arxiu |b Arxiu |d 2022-07-20 |o Bib-817 |p 26289 |r 2022-07-20 00:00:00 |w 2022-07-20 |y ARXIU |z Any 2010 | ||
| 952 | |0 0 |1 0 |4 0 |6 BIB818 |7 1 |9 62826 |a Arxiu |b Arxiu |d 2022-07-20 |o Bib-818 |p 26290 |r 2022-07-20 00:00:00 |w 2022-07-20 |y ARXIU |z Any 2015 | ||
| 952 | |0 0 |1 0 |4 0 |6 BIB833 |7 1 |9 62843 |a Arxiu |b Arxiu |d 2022-07-21 |l 0 |o Bib-833 |p 26306 |r 2022-07-21 00:00:00 |w 2022-07-21 |y ARXIU |z Any 2008 | ||
| 952 | |0 0 |1 0 |4 0 |6 BIB834 |7 1 |9 62844 |a Arxiu |b Arxiu |d 2022-07-21 |l 0 |o Bib-834 |p 26307 |r 2022-07-21 00:00:00 |w 2022-07-21 |y ARXIU |z Any 2011 | ||
| 952 | |0 0 |1 0 |4 0 |6 BIB835 |7 1 |9 62845 |a Arxiu |b Arxiu |d 2022-07-21 |l 0 |o Bib-835 |p 26308 |r 2022-07-21 00:00:00 |w 2022-07-21 |y ARXIU |z Any 2013 | ||
| 952 | |0 0 |1 0 |4 0 |7 1 |9 62847 |a Arxiu |b Arxiu |d 2022-07-22 |o Bib-837 |p 26310 |r 2022-07-22 00:00:00 |w 2022-07-22 |y ARXIU |z Any 2007 | ||
| 952 | |0 0 |1 0 |4 0 |6 BIB838 |7 1 |9 62848 |a Arxiu |b Arxiu |d 2022-07-22 |l 0 |o Bib-838 |p 26311 |r 2022-07-22 00:00:00 |w 2022-07-22 |y ARXIU |z Any 2017 | ||
| 952 | |0 0 |1 0 |4 0 |6 PDL |7 1 |9 63596 |a Arxiu |b Arxiu |d 2022-08-30 |l 0 |o PDL |p 26586 |r 2022-08-30 00:00:00 |w 2022-08-30 |y ARXIU |z Any 2001 | ||
| 952 | |0 0 |1 0 |4 0 |6 PDL |7 1 |9 63636 |a Arxiu |b Arxiu |d 2022-08-30 |l 0 |o PDL |p 26593 |r 2022-08-30 00:00:00 |w 2022-08-30 |y ARXIU |z Any 2001 | ||
| 952 | |0 0 |1 0 |4 0 |7 1 |9 63637 |a Arxiu |b Arxiu |d 2022-08-30 |o PDL |p 26594 |r 2022-08-30 00:00:00 |w 2022-08-30 |y ARXIU |z Any 2002 | ||
| 952 | |0 0 |1 0 |4 0 |6 PDL |7 1 |9 63638 |a Arxiu |b Arxiu |d 2022-08-30 |l 0 |o PDL |p 26595 |r 2022-08-30 00:00:00 |w 2022-08-30 |y ARXIU |z Any 2003 | ||
| 952 | |0 0 |1 0 |4 0 |6 PDL |7 1 |9 63639 |a Arxiu |b Arxiu |d 2022-08-30 |l 0 |o PDL |p 26596 |r 2022-08-30 00:00:00 |w 2022-08-30 |y ARXIU |z Any 2006 | ||
| 952 | |0 0 |1 0 |4 0 |7 1 |9 63640 |a Arxiu |b Arxiu |d 2022-08-30 |o PDL |p 26597 |r 2022-08-30 00:00:00 |w 2022-08-30 |y ARXIU |z Any 2009 | ||
| 952 | |0 0 |1 0 |4 0 |6 PDL |7 1 |9 63641 |a Arxiu |b Arxiu |d 2022-08-30 |l 0 |o PDL |p 26598 |r 2022-08-30 00:00:00 |w 2022-08-30 |y ARXIU |z Any 2012 | ||
| 952 | |0 0 |1 0 |4 0 |6 PDL |7 1 |9 63734 |a Arxiu |b Arxiu |d 2022-09-02 |o PDL |p 26655 |r 2022-09-02 00:00:00 |w 2022-09-02 |y ARXIU |z Any 2005 | ||
| 952 | |0 0 |1 0 |4 0 |6 PDL |7 1 |9 63735 |a Arxiu |b Arxiu |d 2022-09-02 |l 0 |o PDL |p 26656 |r 2022-09-02 00:00:00 |w 2022-09-02 |y ARXIU |z Any 2004 | ||
| 999 | |c 53126 |d 53126 | ||